| 000 | 00667nam a22001937a 4500 | ||
|---|---|---|---|
| 003 | KOHA_MİRAKIL | ||
| 005 | 20251219112103.0 | ||
| 008 | 251219b tu ||||| |||| 00| 0 tur d | ||
| 020 | _a9786057142238 | ||
| 040 |
_aTR-AnABB _btur _cTR-AnABB |
||
| 041 | _atur | ||
| 082 |
_a305.89435073 _bTUR 2022 |
||
| 100 | 1 | _aTürk göçmenlere yönelik nefret suçları, İslam karşıtlığı ve ayrımcılık / | |
| 245 | 1 | 0 | _aTürk göçmenlere yönelik nefret suçları, İslam karşıtlığı ve ayrımcılık / |
| 260 |
_aAnkara : _bAnkara Sosyal Bilimler Üniversitesi, _c2022 |
||
| 300 |
_a198 sayfa ; _c22 cm |
||
| 650 | 0 | 4 | _aGöçmenler |
| 942 |
_2ddc _cBK |
||
| 999 |
_c9801 _d9801 |
||
| 900 | _bGizem YORULMAZ | ||